Đến với thơ Xuân Quỳnh

Wedi'i Gadw mewn:
Manylion Llyfryddiaeth
Prif Awdur: Ngô, Viết Dinh
Fformat: Llyfr
Iaith:Undetermined
Cyhoeddwyd: H. Thanh niên 2003
Pynciau:
Mynediad Ar-lein:http://lrc.tdmu.edu.vn/opac/search/detail.asp?aID=2&ID=3320
Tagiau: Ychwanegu Tag
Dim Tagiau, Byddwch y cyntaf i dagio'r cofnod hwn!
Thư viện lưu trữ: Trung tâm Học liệu Trường Đại học Thủ Dầu Một
LEADER 00720nam a2200193Ia 4500
001 TDMU_3320
008 210410s9999 xx 000 0 und d
082 |a 895.9221009 
090 |b NG450 
100 |a Ngô, Viết Dinh 
245 0 |a Đến với thơ Xuân Quỳnh 
245 0 |c Ngô Viết Dinh (t.ch. và b.t.) 
260 |a H. 
260 |b Thanh niên 
260 |c 2003 
300 |a 593tr. 
650 |a Xuân Quỳnh  |x Tác phẩm; Thi ca Việt  |x Phê bình; Văn học Việt Nam  |x Thi ca  |x Phê bình; Tác gia văn học  |x Xuân Quỳnh 
856 |u http://lrc.tdmu.edu.vn/opac/search/detail.asp?aID=2&ID=3320 
980 |a Trung tâm Học liệu Trường Đại học Thủ Dầu Một